KOHA-Header-6

Designing the User Interface (Record no. 13219)

000 -LEADER
fixed length control field 00297nam a22001217a 4500
020 ## - INTERNATIONAL STANDARD BOOK NUMBER
ISBN 9781292153919
082 ## - DEWEY DECIMAL CLASSIFICATION NUMBER
Classification number 004.019
100 ## - MAIN ENTRY--AUTHOR NAME
Personal name Sheiderman Plaisant Cohen Jacobs Elmqvist
245 ## - TITLE STATEMENT
Title Designing the User Interface
260 ## - PUBLICATION, DISTRIBUTION, ETC. (IMPRINT)
Place of publication Malaysia
Name of publisher Pearson
Year of publication 2018
300 ## - PHYSICAL DESCRIPTION
Number of Pages 622 pages
942 ## - ADDED ENTRY ELEMENTS (KOHA)
Koha item type Books
Holdings
Withdrawn status Lost status Collection code Permanent Location Current Location Shelving location Date acquired Full call number Accession Number Koha item type
    CSE MAJU MAJU Shelf No.A31 2022-02-22 004.019 10275 Computer System Engineering

Powered by Koha